原神 エリア名クイズ - Statistics

General Stats
  • This quiz has been taken 28 times
  • The average score is 8 of 51
Answer Stats
実装Ver 答え % Correct
モンド 1.2 ドラゴンスパイン
68%
璃月 2.6 層岩巨淵
50%
モンド 1.0 星落ちの谷
41%
フォンテーヌ 4.0 フォンテーヌ廷地区
41%
ナタ 5.2 オシカ・ナタ
41%
稲妻 2.1 セイライ島
32%
稲妻 2.2 鶴観
32%
稲妻 2.4 淵下宮
32%
璃月 1.0 瓊璣野
23%
稲妻 2.0 鳴神島
23%
稲妻 2.0 ヤシオリ島
23%
フォンテーヌ 4.0 ベリル地区
23%
モンド 1.0 風唸りの丘
18%
モンド 1.0 明冠山地
18%
璃月 4.4 沈玉の谷・上谷
18%
スメール 3.0 アビディアの森
18%
スメール 3.4 千尋の砂漠
18%
フォンテーヌ 4.1 リフィー地区
18%
フォンテーヌ 4.2 モルテ地区
18%
フォンテーヌ 4.6 ノストイ地区
18%
璃月 2.6 層岩巨淵・地下鉱区
14%
稲妻 2.0 神無塚
14%
稲妻 2.1 海祇島
14%
スメール 3.1 下風蝕地
14%
スメール 3.1 上風蝕地
14%
フォンテーヌ 4.1 フォンテーヌ運動エネルギー工学科学研究院地区
14%
フォンテーヌ 4.2 エリニュス山林地区
14%
フォンテーヌ 4.6 往日の海
14%
璃月 1.0 碧水の原
9%
璃月 1.0 珉林
9%
スメール 3.0 ローカパーラ密林
9%
スメール 3.0 アシャヴァンレルム
9%
スメール 3.0 ヴァナラーナ
9%
スメール 3.6 ファラクケルトの園
9%
フォンテーヌ 4.0 ブロー地区
9%
ナタ 5.0 テケメカンの谷
9%
ナタ 5.0 トヤック源泉地
9%
ナタ 5.0 万火のほとぎ
9%
モンド 1.0 蒼風の高地
9%
璃月 1.0 雲来の海
5%
璃月 1.0 璃沙郊
5%
璃月 4.4 沈玉の谷・南峰
5%
璃月 4.4 来歆山
5%
スメール 3.0 アルダラビ河谷
5%
スメール 3.0 ヴィシュッダ辺土
5%
スメール 3.0 失われた苗畑
5%
スメール 3.1 列柱砂原
5%
スメール 3.6 荒石の蒼漠
5%
ナタ 5.0 コアテペック山
5%
ナタ 5.2 テスカテペトン山脈
5%
ナタ 5.2 クァワカン断崖
5%
No matching quizzes found
Score Distribution
Percent of People with Each Score
Percentile by Number Answered
Your Score History
You have not taken this quiz